| 000 | 00477nam a22001577a 4500 | ||
|---|---|---|---|
| 005 | 20250201190616.0 | ||
| 008 | 250201b |||||||| |||| 00| 0 eng d | ||
| 020 | _a9780729537476 | ||
| 050 | _aRC86.7 EME | ||
| 245 |
_aEmergency Medicine/ _bthe principles of practice _cedited by Gordian W. O. Fulde |
||
| 250 | _a4th ed. | ||
| 260 |
_aSydney _bChurchill Livingstone _c2004 |
||
| 300 |
_axxii. 642p. _bill. _c19cm |
||
| 700 | _aFulde, Gordian W. O. | ||
| 942 |
_2lcc _cBK _e4th ed. _n0 |
||
| 999 |
_c3357 _d3357 |
||